सत्य की खोज / (Record no. 112359)

MARC details
000 -LEADER
fixed length control field 00986nam a22002537a 4500
005 - DATE AND TIME OF LATEST TRANSACTION
control field 20170124102937.0
010 ## - LIBRARY OF CONGRESS CONTROL NUMBER
LC control number 896293
020 ## - INTERNATIONAL STANDARD BOOK NUMBER
Terms of availability 16.00
035 ## - SYSTEM CONTROL NUMBER
System control number 896293
037 ## - SOURCE OF ACQUISITION
Source of stock number/acquisition Cen Lib/Ret
040 ## - CATALOGING SOURCE
Original cataloging agency DPL
Language of cataloging HN
082 ## - DEWEY DECIMAL CLASSIFICATION NUMBER
Classification number 181.499
Item number राधाकृ
100 ## - MAIN ENTRY--PERSONAL NAME
Personal name राधाकृष्णन
9 (RLIN) 43304
245 ## - TITLE STATEMENT
Title सत्य की खोज /
Statement of responsibility, etc राधाकृष्णन
246 ## - VARYING FORM OF TITLE
Title proper/short title Satye ki khoj /
Remainder of title by Radhakrishnan
260 ## - PUBLICATION, DISTRIBUTION, ETC. (IMPRINT)
Place of publication, distribution, etc नई दिल्ली
Name of publisher, distributor, etc सरस्वती विहार
Date of publication, distribution, etc 1978
270 ## - ADDRESS
Address 21, दयानंद मार्ग, दरिया गंज
City नई दिल्ली
Postal code 110002
300 ## - PHYSICAL DESCRIPTION
Extent 87पृ.
Dimensions 21सेमी (सजिल्द)
650 ## - SUBJECT ADDED ENTRY--TOPICAL TERM
Topical term or geographic name as entry element हिन्दी -- साहित्य
9 (RLIN) 47052
650 ## - SUBJECT ADDED ENTRY--TOPICAL TERM
Topical term or geographic name as entry element हिन्दी -- कहानी
9 (RLIN) 779
650 ## - SUBJECT ADDED ENTRY--TOPICAL TERM
Topical term or geographic name as entry element Hindi - literature
9 (RLIN) 47053
650 ## - SUBJECT ADDED ENTRY--TOPICAL TERM
Topical term or geographic name as entry element Hindi - Story
9 (RLIN) 43117
942 ## - ADDED ENTRY ELEMENTS (KOHA)
Source of classification or shelving scheme Dewey Decimal Classification
Koha item type Hindi Books
Classification part 181.499
Call number suffix राधाकृ
Holdings
Withdrawn status Lost status Damaged status Not for loan Home library Current library Date acquired Source of acquisition Cost, normal purchase price Total Checkouts Total Renewals Full call number Barcode Date last seen Date checked out Copy number Cost, replacement price Price effective from Koha item type
        Central Library Central Library 07/08/2015 Cen Lib/Ret 16.00 3 2 181.499 राधाकृ 896293 01/07/2024 28/06/2024 1 16.00 07/08/2015 Hindi Books

© Delhi Public Library
Hit Counter
free hit counter